[Event "Negambo op 4th"]
[Site "Negambo"]
[Date "2018.08.16"]
[Round "2"]
[White "Mallawaaratchi, M Januthi SB"]
[Black "Dabarera, GWDM"]
[Result "0-1"]
[WhiteElo "1016"]
[BlackElo "1829"]
[PlyCount "62"]
[EventDate "2018.08.16"]
[EventType "swiss"]
[EventRounds "10"]
[EventCountry "SRI"]
[SourceTitle "CBM 186 Extra"]
[Source "ChessBase"]
[SourceDate "2018.08.24"]
[SourceVersion "1"]
[SourceVersionDate "2018.08.24"]
[SourceQuality "1"]

1. d4 Nf6 2. Nf3 g6 3. e3 Bg7 4. Bd3 0-0 5. b3 d6 6. Bb2 Nbd7 7. Nbd2 Re8 8. 0-0 e5 9. e4 exd4 10. Bxd4 b6 11. Re1 Ne5 12. Nxe5 dxe5 13. Bb2 c6 14. c4 Qxd3 15. Rc1 Bg4 16. f3 Rad8 17. Rc2 Bh6 18. Re2 Bh5 19. Rf2 Nxe4 20. Re2 Nxd2 21. Rcxd2 Bxd2 22. Qf1 e4 23. g4 Be3+ 24. Kh1 exf3 25. Re1 Qxf1+ 26. Rxf1 Bxg4 27. Bc3 Bh3 28. Rg1 Bxg1 29. Kxg1 Re2 30. a4 Rd1+ 31. Be1 Rdxe1# 0-1